|
|
|
|
| LEADER |
00768cam a2200241 7i4500 |
| 001 |
0000031955 |
| 005 |
20100726090000.0 |
| 008 |
100208 bm |
| 020 |
|
|
|a 9833841031 (pbk.)
|
| 020 |
|
|
|a 9789833841031 (pbk.)
|
| 040 |
|
|
|a UM
|
| 090 |
0 |
0 |
|a BP190.5.W4
|b A34 2006
|
| 100 |
0 |
|
|a Akhil Hayy
|
| 245 |
1 |
0 |
|a Kaya sebelum miskin
|c Akhil Hayy & Razzi Armansur.
|
| 260 |
|
|
|a Kuala Lumpur:
|b Inteam Records,
|c 2006.
|
| 300 |
|
|
|a 140 p.:
|b ill.;
|c 23 cm.
|
| 650 |
0 |
0 |
|a Wealth --
|x Religious aspects --
|x Islam
|
| 650 |
0 |
0 |
|a Islam --
|x Doctrines
|
| 650 |
0 |
0 |
|a Islam --
|x Economic aspects
|
| 650 |
0 |
0 |
|a Faith (Islam)
|
| 700 |
0 |
|
|a Razzi Armansur
|
| 997 |
|
|
|a Centre for Graduate Studies
|
| 999 |
|
|
|a 0000038241
|b BOK
|c OPEN SHELF
|e 1st Floor, Shah Alam
|